|
|
|
|
| LEADER |
01775nam a2200325 a 4500 |
| 001 |
0017002 |
| 003 |
BD-DhAAL |
| 008 |
100426s2007 enka 000 0 eng d |
| 010 |
|
|
|a 2005274518
|
| 020 |
|
|
|a 0521707757
|
| 020 |
|
|
|a 0521533872
|a 9780521707756
|
| 020 |
|
|
|a 0521548578 (audio cassettes)
|
| 040 |
|
|
|a BD-DhAAL
|c BD-DhAAL
|
| 082 |
0 |
0 |
|a 428.40711
|2 22
|
| 100 |
1 |
|
|a Lynch, Tony,
|d 1949-
|9 1727
|
| 245 |
1 |
0 |
|a Study listening :
|b a course in listening to lectures and note-taking /
|c Tony Lynch.
|
| 250 |
|
|
|a Second edition.
|
| 260 |
|
|
|a Cambridge :
|b University Press,
|c 2007 [reprinted 2008].
|
| 300 |
|
|
|a 214 p. :
|b ill. ;
|c 25 cm +
|e 2 sound cassettes (1 hr., 47 min.)
|
| 526 |
|
|
|a CFL, BRACU
|x Beth Trudell
English Language Fellow, BRAC Institute of Languages (BIL)
|
| 541 |
1 |
|
|e 00017002
|a First English Education Institutes Limited
|
| 650 |
|
0 |
|a Study skills.
|9 1728
|
| 650 |
|
0 |
|a Note-taking.
|9 1729
|
| 650 |
|
0 |
|a Listening
|x Study and teaching.
|9 1730
|
| 852 |
4 |
|
|a Ayesha Abed Library
|c General Stacks
|
| 942 |
|
|
|2 ddc
|c BK
|
| 999 |
|
|
|c 8253
|d 8253
|
| 952 |
|
|
|0 0
|1 0
|2 ddc
|4 0
|6 428_407110000000000_LYN_2007
|7 0
|9 9463
|a BRACUL
|b BRACUL
|c GEN
|d 2010-04-27
|e First English Education Institutes Limited
|l 9
|m 19
|o 428.40711 LYN
|p 3010017002
|r 2020-01-13
|s 2019-11-11
|t 1
|w 2010-04-27
|y BK
|x Requisitioned by Beth Trudell, English Language Fellow, BRAC Institute of Languages (BIL) ; Rs 300.00
|
| 952 |
|
|
|0 0
|1 0
|2 ddc
|4 0
|6 428_407110000000000_LYN
|7 0
|9 19319
|a BRACUL
|b BRACUL
|c GEN
|d 2012-01-26
|e Karim International
|g 553.00
|l 4
|m 6
|o 428.40711 LYN
|p 3010024379
|r 2022-01-11
|s 2020-01-26
|t 2
|w 2012-01-26
|y BK
|
| 952 |
|
|
|0 0
|1 0
|2 ddc
|4 0
|6 428_407110000000000_LYN
|7 0
|9 19320
|a BRACUL
|b BRACUL
|c AV
|d 2012-01-26
|e Karim International
|g 553.00
|l 14
|o 428.40711 LYN
|p 4010024379
|r 2020-02-04
|s 2020-01-26
|t 1
|w 2012-01-26
|y AV
|